000 00388nam a2200169Ia 4500
005 20241118235342.0
008 240331s9999 xx 000 0 und d
020 _a0586072705
082 _bEAS
_a823
100 _aEasterman, D
245 4 _aThe Ninth Buddha
260 _aLondon
_bGrafton Books
_c1989
300 _a491 p .,
650 _aMystery
650 _aBuddhisum
942 _cL
999 _c3334
_d3334